书目信息 |
| 题名: |
社会科学方法论
|
|
| 作者: | 韦伯 著 ;杨富斌 译 | |
| 分册: | ||
| 出版信息: | 北京 华夏出版社 1999.1 |
|
| 页数: | 228页 | |
| 开本: | 20cm | |
| 丛书名: | 现代西方思想文库 | |
| 单 册: | ||
| 中图分类: | C03 | |
| 科图分类: | ||
| 主题词: | 社会科学--科学方法论 | |
| 电子资源: | ||
| ISBN: | 7-5080-1644-0 | |
| 000 | 00692nam0 2200241 45 | |
| 001 | 0104091063 | |
| 005 | 20031219104049.4 | |
| 010 | @a7-5080-1644-0@dCNY15.50 | |
| 100 | @a20010409d1999 km y0chiy0120 ea | |
| 101 | 0 | @achi |
| 105 | @a z 000yy | |
| 200 | 1 | @a社会科学方法论@AShe Hui Ke Xue Fang Fa Lun@f(德)韦伯著@F(De)Wei Bo Zhu@g杨富斌译 |
| 210 | @a北京@c华夏出版社@d1999.1 | |
| 215 | @a228页@d20cm | |
| 225 | @a现代西方思想文库 | |
| 410 | @12001 @a现代西方思想文库 | |
| 605 | @a社会科学 | |
| 606 | 0 | @a社会科学@x科学方法论 |
| 690 | @aC03@v1 | |
| 701 | 0 | @a韦伯@4著 |
| 702 | 0 | @a杨富斌@AYang Fu Bin@4译 |
| 801 | @aCN@bTSTC@c20010514 | |
| 905 | @a213230@f3@b296658-660@dC03@e20 | |
| 社会科学方法论/(德)韦伯著/杨富斌译.-北京:华夏出版社,1999.1 |
| 228页;20cm.-(现代西方思想文库) |
| ISBN 7-5080-1644-0:CNY15.50 |
| ● |
| 相关链接 |
|
|
|
|
正题名:社会科学方法论
索取号:C03/20
 
预约/预借
| 序号 | 登录号 | 条形码 | 馆藏地/架位号 | 状态 | 备注 |
| 1 | 0296658 | 002966589 | 第一借阅区/ [索取号:C03/20] | 在馆 | |
| 2 | 0296659 | 002966598 | 第一借阅区/ [索取号:C03/20] | 在馆 | |
| 3 | 0296660 | 002966605 | 第一样本阅览室/ [索取号:C03/20] | 在馆 |